Trading indicators - Statistics

General Stats
  • This quiz has been taken 2 times
  • The average score is 7 of 27
Answer Stats
Answer % Correct
EMA
100%
MA (SMA)
100%
OBV
100%
RSI
100%
BB
50%
Fibonacci Retracement
50%
Parabolic SAR
50%
Pivot Points
50%
Stochastic Oscillator
50%
Accumulation/Distribution Line
0%
ADX
0%
CCI
0%
CMF
0%
DPO
0%
Elder's Force Index
0%
Gann Fan
0%
Ichimoku Cloud
0%
Keltner Channels
0%
MACD
0%
MFI
0%
Momentum
0%
ROC
0%
SSMA
0%
VWAP
0%
Williams %R
0%
WMA
0%
Zig Zag
0%
No matching quizzes found
Score Distribution
Percent of People with Each Score
Percentile by Number Answered
Your Score History
You have not taken this quiz